000 00653nam a2200229Ia 4500
003 OSt
005 20220923214710.0
006 a|||||r|||| 00| 0
007 ta
008 220922b |||||||| |||| 00| 0 hin d
024 _a171,768
037 _cTextual
040 _aARTS
_cARTS
_bhin
041 _2hin
_ahin
082 _aO152:3N275x, L0-;1
100 _aवैद, कृष्ण बलदेव
245 0 _aदूसरे किनारे से
246 _aDūsare kināre se
260 _c1970
942 _hO152:3N275x, L0-;1
_cTEXL
_2CC
999 _c325909
_d325909